000 01384nam a22003857a 4500
003 CHAP
005 20220329141309.0
008 971010s1982 r 00010 d
010 _a65992
011 _a66964
035 _a75951
040 _cCHAP
090 _aTesis
100 0 0 _aVázquez Romero, Francisco.
_9120498
245 _aGerminación bajo presión osmótica alta para seleccionar plantas resistentes a sequía en maíz (Zea mayz L.)
260 _aChapingo, Méx. :
_bEl autor,
_c1982
300 _a126 h.
_b; láms. ; gráfs.
502 _aTesis (Ing. Agr. Esp. en Fitotecnia) -- UACH. Departamento de Fitotecnia
590 _aALEPH
_b10
_c20130110
_lUCH01
_h1400
590 _aBATCH-UPD
_b10
_c20130110
_lUCH01
_h0301
590 _aBATCH-UPD
_b10
_c20130110
_lUCH01
_h1440
590 _aBATCH-UPD
_b10
_c20130409
_lUCH01
_h2332
590 _aBATCH-UPD
_b10
_c20130410
_lUCH01
_h1541
590 _aBATCH-UPD
_b10
_c20130914
_lUCH01
_h1754
590 _aCONVERSION
_b10
_c20130109
_lUCH01
_h1336
650 1 4 _aMaíz
_xGerminación.
_970965
650 1 4 _aMaíz
_xResistencia a sequía.
_971053
650 1 4 _aOsmosis.
_984198
901 _aBK
942 _cFOLL
949 _bBC
_cTES
_d-154518
_eTS1
_i75951
_si
949 _bBC
_cTES
_d33724000694592
_eTS2
_fc.2
_i75951
_si
949 _bBC
_cTES
_d33724000694600
_eTS2
_fc.3
_i75951
_si
949 _bZA
_cTESBD
_d-8955
_eTS1
_h271
_i75951
_si
999 _c65992
_d65992